00829cam a22002531 4500001001300000003000400013005001700017008004100034010001700075035001900092040001800111042001200129050001700141082001300158100005000171245007100221260004000292300007700332410004200409504002800451650003700479650004200516999001700558gs 59000219 DLC20260227111408.0750715s1959 xx 000 0 eng  ags 59000219  a(OCoLC)1449640 aDLCcOAUdDLC apremarc00aQE138.M5bP3 a557.93511 aPage, Benjamin M.q(Benjamin Markham),d1911-10aGeology of the Candelaria mining district, Mineral County, Nevada. aReno,bUniversity of Nevada,c1959. a vii, 67, ix-xiii p.billus., fold. col. map (in pocket) diagrs.c23 cm.20aNevada Bureau of Mines.tBulletinv56 aBibliography: p. 63-64. 0aGeologyzNevadazMineral County. 0aOre depositszNevadazMineral County. c29366d29366